00421cam a22001097a 4500008004000000082001400040245012700054260005200181300001000233650003600243700003200279180718b2001 xxu||||| |||| 00| 0 eng d aJ222 N213 aNational conference on geomtics in governance for development, February 15-17,2001, Hyderabad: pre- conference publication aHyderabadbNational Remote Sensing Agencyc2001 a146p. aGeographical information system aIndian Society of Geomatics